000
00209 a2200097 4500
001
30609
100
_a
Venables
245
_a
Technical Education
260
_a
London
_b
G Bell & Sans
_c
090
_c
20549
_d
20549
942
_a
NUST-CAE
_c
M
_c
11724
999
_c
265682
_d
265682